It looks like you're offline.
Open Library logo
additional options menu

MARC record from Internet Archive

LEADER: 01382cam a2200337 a 4500
001 97005222
003 DLC
005 20090304071713.0
008 970328s1998 njua b 001 0 eng
010 $a 97005222
020 $a0874136121 (alk. paper)
040 $aDLC$cDLC$dDLC
043 $ae-uk---$aa-ii---
050 00 $aPR129.I5$bB49 1998
082 00 $a820.9/3254/09033$221
100 1 $aBhattacharya, Nandini.
245 10 $aReading the splendid body :$bgender and consumerism in eighteenth-century British writing on India /$cNandini Bhattacharya.
260 $aNewark :$bUniversity of Delaware Press ;$aLondon :$bAssociated University Presses,$cc1998.
300 $a232 p. :$bill. ;$c24 cm.
504 $aIncludes bibliographical references (p. 210-222) and index.
650 0 $aEnglish literature$y18th century$xHistory and criticism.
650 0 $aTravelers' writings, English$zIndia$xHistory and criticism.
650 0 $aBritish$zIndia$xHistory$y18th century$xHistoriography.
650 0 $aAnglo-Indian literature$xHistory and criticism.
650 0 $aTravel writing$xHistory$y18th century.
650 0 $aBritish$zIndia$xIntellectual life.
650 0 $aConsumption (Economics) in literature.
650 0 $aEnglish literature$xIndic influences.
650 0 $aWomen and literature$zIndia.
650 0 $aHuman body in literature.
650 0 $aSex role in literature.